| Record ID | ia:ironheel00lond |
| Source | Internet Archive |
| Download MARC XML | https://archive.org/download/ironheel00lond/ironheel00lond_marc.xml |
| Download MARC binary | https://www.archive.org/download/ironheel00lond/ironheel00lond_meta.mrc |
LEADER: 00610nam 22001695 4500
001 adk8673
008 840612s1910 00000
010 $a70003084
035 $a(UTLAS)45378398
100 10 $aLondon, Jack,$d1876-1916.
245 14 $aThe iron heel /$cby Jack London ... --
260 0 $aToronto :$bThe Macmillan company,$c1910 [1907]
300 $a354 p.
949 $aPS 3523 O46 I7 1907$c1$mYORK$lSCOTT$tSCOTT-BOOK$rY$i39007034489930$wLC
949 $aPS 3523 O46 I7 1907$c2$mYORK$lSCOTT$tSCOTT-BOOK$rY$n1$i39007034489971$wLC
596 $a1
926 $aYORK$bCHECKEDOUT$cPS 3523 O46 I7 1907$dSCOTT-BOOK$eNEVER$f2